| 000 | 01102njm a22002537a 4500 | ||
|---|---|---|---|
| 005 | 20100907103351.0 | ||
| 007 | sd ammalaaahaa | ||
| 008 | 100907t xxu||||| |||| 00| 0 hin d | ||
| 028 |
_aN. 54055 _bHis Master's Voice |
||
| 035 | _aGR-011334 | ||
| 040 | _aSED/VEN | ||
| 100 |
_aHement Kumar _91184 |
||
| 245 |
_a Baat ek raat ki Part 1 : _bhindustani / _cby Hament Kumar ; music by S.D. Burman ; lyric by Majrooh _h[sound recording] : |
||
| 246 |
_a बात एक रात की (हेमंत कुमार) _b _h |
||
| 260 |
_aDum Dum, India _bHis Master's Voice _c1962 |
||
| 300 |
_a1sound disc [Gramophone record] : _banalog, 33. 1/3 rpm _c10 in. _fGramophone record _g |
||
| 500 | _aBrief record. | ||
| 505 |
_a Na tum hame jano (Hament Kumar) न तुम हमें जानो भाग १ , Na tum hame jajo (Suman Kalyanpur) part 2 _t |
||
| 650 |
_aClassical Music _xExcerpts _zIndia _918680 |
||
| 700 |
_918681 _aSuman Kalyanpur |
||
| 700 |
_aAlankar Chitra _918757 |
||
| 942 |
_2ddc _cGR |
||
| 999 |
_c44289 _d44289 |
||